000 01238nam a22002897a 4500
003 dpl
005 20180820142236.0
008 180820b xxu||||| |||| 00| 0 eng d
010 _aB-067455
020 _c140.00
_a8173290946
035 _aB-067455, B-067459
037 _bCen Lib/Ret
040 _aDPL
_bHN
_c0
082 _a702.8092
_bमाहल
100 _aमाहल, इकबाल
_984060
245 _aसुरों के सौदागर /
_cइकबाल माहल ; अनुवादक नीलम शर्मा
246 _aSuron ke saudagar /
_bby Iqbal Mahal ; anuvadak Neelam Sharma
260 _a दिल्ली
_bशिलालेख
_c2001
270 _b दिल्ली
_a4/32 सुभाष गली, विश्वास नगर, शाहदरा
_e110032
300 _a187पृ.:
_c19सेमी(सजिल्द )
_bसचित्र
650 _aशास्त्रीय गायक--भारत
_x
_z
_984061
650 _aगायिकी
_984062
650 _aClassical singer - India
_984063
650 _aSinging
_984064
700 _aशर्मा, नीलम
_984065
942 _2ddc
_cHN
_h702.8092
_mमाहल
999 _c119261
_d119261